KOHA-Header-6

OverDrive (Record no. 12008)

000 -LEADER
fixed length control field 00314nam a22001217a 4500
020 ## - INTERNATIONAL STANDARD BOOK NUMBER
ISBN 0-471-18041-6
082 ## - DEWEY DECIMAL CLASSIFICATION NUMBER
Classification number 338.76
100 ## - MAIN ENTRY--AUTHOR NAME
Personal name James Wallace
245 ## - TITLE STATEMENT
Title OverDrive
Remainder of title Bill Gates and the Race to control Cyberspace
260 ## - PUBLICATION, DISTRIBUTION, ETC. (IMPRINT)
Place of publication Canada
Name of publisher John Wiley and Sons
Year of publication 1997
300 ## - PHYSICAL DESCRIPTION
Number of Pages xi, 307 pages
942 ## - ADDED ENTRY ELEMENTS (KOHA)
Koha item type Books
Holdings
Withdrawn status Lost status Collection code Permanent Location Current Location Shelving location Date acquired Full call number Accession Number Koha item type
    English Literature MAJU MAJU Shelf No.A13 2019-10-02 338.76 10541 Books

Powered by Koha